000
00317nam a2200109Ia 4500
008
200302s9999 xx 000 0 und d
100
_a
La Biennale
245
_a
Workbook : The Offical Catalof For Workshopping : An American Model of Architectural Practice
260
_b
306090, Inc
260
_c
2010
300
_a
127 P.,
999
_c
4981
_d
4981